| Tag |
First Indicator |
Second Indicator |
Subfields |
| LEADER |
00000cam a22000004a 4500 |
| 001 |
in00002440921 |
| 005 |
20151110094249.0 |
| 008 |
081119s2009 cau b 000 0 eng |
| 010 |
|
|
|a 2008050526
|
| 020 |
|
|
|a 9781593761806
|
| 020 |
|
|
|a 1593761805
|
| 035 |
|
|
|a (OCoLC)ocn262431071
|
| 035 |
|
|
|a (OCoLC)262431071
|
| 040 |
|
|
|a DNAL/DLC
|c DLC
|d BTCTA
|d YDXCP
|d C#P
|d UtOrBLW
|
| 042 |
|
|
|a pcc
|
| 043 |
|
|
|a n-us-tx
|a n-us-nm
|a n-us-nd
|
| 049 |
|
|
|a TXAM
|
| 050 |
0 |
0 |
|a HD8039.F32
|b U646 2009
|
| 082 |
0 |
0 |
|a 338.10973
|2 22
|
| 100 |
1 |
|
|a Hamilton, Lisa M.
|
| 245 |
1 |
0 |
|a Deeply rooted :
|b unconventional farmers in the age of agribusiness /
|c Lisa M. Hamilton.
|
| 264 |
|
1 |
|a Berkeley :
|b Counterpoint :
|c [2009]
|
| 264 |
|
2 |
|a Berkeley :
|b Distributed by Publishers Group West,
|
| 264 |
|
4 |
|c ©2009
|
| 300 |
|
|
|a 313 pages ;
|c 22 cm.
|
| 336 |
|
|
|a text
|b txt
|2 rdacontent
|
| 337 |
|
|
|a unmediated
|b n
|2 rdamedia
|
| 338 |
|
|
|a volume
|b nc
|2 rdacarrier
|
| 504 |
|
|
|a Includes bibliographical references (page 313).
|
| 505 |
0 |
|
|a Sulphur Springs, Texas -- Abiquiu, New Mexico -- LaMoure, North Dakota.
|
| 650 |
|
0 |
|a Farmers
|z Texas
|z Sulphur Springs
|v Case studies.
|
| 650 |
|
0 |
|a Farmers
|z New Mexico
|z Abiquiu
|v Case studies.
|
| 650 |
|
0 |
|a Farmers
|z North Dakota
|z La Moure
|v Case studies.
|
| 938 |
|
|
|a Baker and Taylor
|b BTCP
|n BK0007967408
|
| 938 |
|
|
|a YBP Library Services
|b YANK
|n 2935105
|
| 945 |
|
|
|a PromptCat
|b 681065
|
| 946 |
|
|
|a west,stk
|
| 947 |
|
|
|a A14839831867
|
| 994 |
|
|
|a 92
|b TXA
|
| 948 |
|
|
|a cataloged
|b h
|d 2009/4/22
|h c
|e asalazar
|f 12:31:37 pm
|
| 999 |
|
|
|a MARS
|
| 999 |
f |
f |
|s c2f32566-c1bb-340a-a9ca-ddd79fc0236d
|i aefe95ca-119a-36f7-a686-460e553b6abc
|t 0
|
| 952 |
f |
f |
|p normal
|a Texas A&M University
|b College Station
|c Sterling C. Evans Library
|d Evans: Library Stacks
|t 0
|e HD8039.F32 U646 2009
|h Library of Congress classification
|i unmediated -- volume
|m A14839831867
|
| 998 |
f |
f |
|a HD8039.F32 U646 2009
|t 0
|l Evans: Library Stacks
|